Africa's wild dogs (Record no. 5544)

MARC details
000 -LEADER
fixed length control field 00516nam a22001697a 4500
005 - DATE AND TIME OF LATEST TRANSACTION
control field 20250519152543.0
008 - FIXED-LENGTH DATA ELEMENTS--GENERAL INFORMATION
fixed length control field 250519b |||||||| |||| 00| 0 eng d
040 ## - CATALOGING SOURCE
Transcribing agency DepED Dasmarinas City
245 ## - TITLE STATEMENT
Title Africa's wild dogs
250 ## - EDITION
Edition statement May 1999 Vol. 195 No. 5
490 ## - SERIES STATEMENT
SERIES STATEMENT National Geographic
520 ## - SUMMARY, ETC.
Summary, etc. The Caspian Sea, Africa's Wild Dogs, Pirates of the Whydah, Missouri Breaks, Ants and Plants- Friends and Foes, The rise of Life on Earth
650 ## - SUBJECT ADDED ENTRY--TOPICAL TERM
General subdivision AFRICA
650 ## - SUBJECT ADDED ENTRY--TOPICAL TERM
General subdivision PIRATES
650 ## - SUBJECT ADDED ENTRY--TOPICAL TERM
General subdivision DISCOVERY
942 ## - ADDED ENTRY ELEMENTS (KOHA)
Source of classification or shelving scheme Dewey Decimal Classification
Koha item type Continuing Resources
999 ## -
-- 5544
-- 5544
Holdings
Homebranch current branch Barcode
DepED Dasmarinas City DepED Dasmarinas City DSMSR051999-041